It looks like you're offline.
Open Library logo
additional options menu

MARC record from Internet Archive

LEADER: 01985cam 2200505 a 4500
001 ocm42680269
003 OCoLC
005 20140217083628.0
008 990913s2000 nyua j 000 0 eng
010 $a 99048326
040 $aDLC$beng$cDLC$dBAKER$dBTCTA$dYDXCP$dOCLCQ$dOCLCO$dOCLCF
020 $a080506205X
020 $a9780805062052
035 $a(OCoLC)42680269
041 0 $aengchi
042 $apcc$alcac
050 00 $aPL1171$b.L328 2000
082 00 $a495.1/82421$221
100 1 $aLee, Huy Voun.
245 10 $a1,2,3 go! /$cHuy Voun Lee.
246 3 $aOne, two, three go
246 14 $aYi er san qu
250 $a1st ed.
260 $aNew York :$bHenry Holt,$cc2000.
300 $a1 v. (unpaged) :$bcol. ill. ;$c27 cm.
546 $aEnglish and Chinese.
500 $aParallel title on cover in Chinese characters.
520 $aAn introduction to Chinese writing describing the construction, meaning, and pronunciation of simple characters used for a variety of words and the numbers one through ten.
650 0 $aChinese characters$vJuvenile literature.
650 1 $aChinese characters.
650 1 $aCounting.
650 7 $aChinese characters.$2fast$0(OCoLC)fst00857298
655 7 $aJuvenile works.$2fast$0(OCoLC)fst01411637
856 42 $3Publisher description$uhttp://catdir.loc.gov/catdir/description/hol042/99048326.html
938 $aBaker and Taylor$bBTCP$n99048326
938 $aBaker & Taylor$bBKTY$c17.95$d17.95$i080506205X$n0003461793$sactive
938 $aYBP Library Services$bYANK$n1754481
952 $a42680269$zDLC$hFull$iLCC$kDDC$nSummary$ppcc, lcac$u20140105
952 $a370506421$zUBY$bBRIGHAM YOUNG UNIV LIBR$hCore$iLCC$kDDC$nSummary$ppcc, lcac$qJcat$u20100720
952 $a253332428$zVVT$bCOLUMBIA UNIV, TEACHERS COL$hFull$iLCC$nSummary$u20100804
029 1 $aNZ1$b5399119
029 1 $aAU@$b000021102156
029 1 $aAU@$b000046584432
994 $aZ0$bPMR
948 $hNO HOLDINGS IN PMR - 642 OTHER HOLDINGS